Statistics for Countries with highest rainfall

Click here to take the quiz!

General Stats

  • This quiz has been taken 63 times
  • The average score is 20 of 30

Answer Stats

Mm per yearCountry% Correct
2,702Indonesia
93%
3,240Colombia
91%
2,044Venezuela
85%
2,875Malaysia
83%
2,926Costa Rica
81%
2,280Nicaragua
81%
2,928Panama
81%
2,387Guyana
80%
3,142Papua New Guinea
78%
2,348Philippines
78%
2,331Suriname
78%
2,091Myanmar
76%
2,274Ecuador
74%
2,592Fiji
74%
2,666Bangladesh
72%
2,083Dominica
69%
2,497Singapore
69%
2,200Trinidad and Tobago
63%
2,722Brunei
61%
2,301St. Lucia
61%
2,051Jamaica
59%
3,028Solomon Islands
59%
2,350Grenada
57%
2,156Equatorial Guinea
44%
2,200Bhutan
41%
3,200Sao Tome and Principe
41%
2,391Liberia
39%
2,526Sierra Leone
39%
2,041Mauritius
35%
2,330Seychelles
35%

Score Distribution

Percentile by Number Answered

Percent of People with Each Score

Your Score History

You have not taken this quiz